000
00235nam a22000857a 4500
999
_c
10943
_d
10943
008
180412b ||||| |||| 00| 0 eng d
100
_a
Chopra, Sandeep
_9
6747
245
_a
Exploring Computers -VI
260
_a
New Delhi
_b
Rachna Sagar Pvt, ltd